Kunstgeschichte (Record no. 185360)

MARC details
000 -LEADER
campo de control de longitud fija 00816nam a2200193 i 4500
001 - NÚMERO DE CONTROL
campo de control 185360
003 - IDENTIFICADOR DE NÚMERO DE CONTROL
campo de control ES-MaACL
005 - FECHA Y HORA DE LA ÚLTIMA TRANSACCIÓN
campo de control 20250903084347.0
008 - DATOS DE LONGITUD FIJA--INFORMACIÓN GENERAL
campo de control de longitud fija 160525s1911 gw |||| | ger d
110 2# - ENTRADA PRINCIPAL--NOMBRE DE ENTIDAD CORPORATIVA
Nombre de entidad corporativa o nombre de jurisdicción como elemento de entrada Karl W. Hiersemann (Firma)
9 (RLIN) 159387
245 10 - MENCIÓN DEL TÍTULO
Título Kunstgeschichte
Resto del título : malerei / skulptur / kupperstich holzschnitt zum teil aus der bibliothek des museumsdirektors Geh. Hofrat Dr. Ruland, Weimar und des vorstands des kunsthist, seminars professor Dr. Riehl. Munchen : 1911 Katalog 400.
260 ## - PUBLICACIÓN, DISTRIBUCIÓN, ETC.
Lugar de publicación, distribución, etc. Leipzig :
Nombre del editor, distribuidor, etc. Karl W. Hiersemann,
Fecha de publicación, distribución, etc. 1911.
300 ## - DESCRIPCIÓN FÍSICA
Extensión 249 p. ;
Dimensiones 21 cm.
610 2# - PUNTO DE ACCESO ADICIONAL DE MATERIA--NOMBRE DE ENTIDAD CORPORATIVA
Nombre de entidad corporativa o nombre de jurisdicción como elemento de entrada Karl W. Hiersemann (Firma)-
Subdivisión de forma Catálogos.
9 (RLIN) 158963
650 #7 - PUNTO DE ACCESO ADICIONAL DE MATERIA--TÉRMINO DE MATERIA
Término de materia o nombre geográfico como elemento de entrada Catálogos de editores-
Subdivisión cronológica S.XX
Fuente del encabezamiento o término
9 (RLIN) 169795
650 #7 - PUNTO DE ACCESO ADICIONAL DE MATERIA--TÉRMINO DE MATERIA
Término de materia o nombre geográfico como elemento de entrada Catálogos de editores-
Subdivisión cronológica S.XX
Fuente del encabezamiento o término
9 (RLIN) 169795
852 ## - LOCALIZACIÓN
Ubicación ES-MaACL
Número de control de estantería 1512-F-5
Holdings
Estatus retirado Estado de pérdida Estado de daño No para préstamo Colección Biblioteca de origen Biblioteca actual Ubicación en estantería Fecha de adquisición Fuente de adquisición Total de préstamos Signatura topográfica completa Código de barras Visto por última vez Precio de reemplazo Tipo de ítem Koha
        Colección de folletos Biblioteca del Ateneo de Madrid Biblioteca del Ateneo de Madrid Depósito folletos 25/05/2016     1512-F-5 1195287 23/02/2023 23/02/2023 Folleto